Rozdielne názory a chýbajúci kapitál. 2
Výklad zákona o slovenskej EXIM banke, jeho porovnanie s podobnými inštitúciami v zahraničí. Úloha štátu a vlády pri podpore vývozu.
Enregistré dans:
| Auteur principal: | |
|---|---|
| Format: | Chapitre de livre |
| Langue: | slovaque |
| Sujets: | |
| Tags: |
Pas de tags, Soyez le premier à ajouter un tag!
|
MARC
| LEADER | 00000naa a2200000 4500 | ||
|---|---|---|---|
| 001 | r025720 | ||
| 005 | 20230824090423.9 | ||
| 041 | 0 | |a slo | |
| 044 | |a SK | ||
| 245 | 1 | 0 | |a Rozdielne názory a chýbajúci kapitál. 2 |c H. Múdra |
| 520 | |a Výklad zákona o slovenskej EXIM banke, jeho porovnanie s podobnými inštitúciami v zahraničí. Úloha štátu a vlády pri podpore vývozu. | ||
| 610 | 2 | 0 | |a Slovensko |
| 610 | 2 | 0 | |a eximbanky |
| 610 | 2 | 0 | |a zákony |
| 610 | 2 | 0 | |a podpora vývozu |
| 610 | 2 | 0 | |a Eximbanka SR Bratislava |
| 100 | 1 | |a Múdra, H. | |